Online
Catalog

Pánico nuclear / (Record no. 22463)

MARC details
000 -CABECERA
campo de control de longitud fija 00950nam a2200289 a 4500
001 - NÚMERO DE CONTROL
campo de control 000022966
005 - FECHA Y HORA DE LA ÚLTIMA TRANSACCIÓN
campo de control 20200930021912.0
008 - DATOS DE LONGITUD FIJA--INFORMACIÓN GENERAL
campo de control de longitud fija 101123s2000 sp r 000 f spa d
020 ## - NÚMERO INTERNACIONAL ESTÁNDAR DEL LIBRO
Número Internacional Estándar del Libro 8484503178
040 ## - FUENTE DE LA CATALOGACIÓN
Centro catalogador/agencia de origen DO-SdBNP
Lengua de catalogación spa
Centro/agencia transcriptor BNPHU
041 17 - CÓDIGO DE LENGUA
Código de lengua del texto/banda sonora o título independiente spa
Código de lengua original eng
Fuente del código Código de idioma MARC.
082 ## - NÚMERO DE LA CLASIFICACIÓN DECIMAL DEWEY
Número de clasificación 813.5
Número de documento/Ítem C587p
049 ## - FONDOS LOCALES (OCLC)
Fondos de biblioteca BNGR
100 1# - ENTRADA PRINCIPAL--NOMBRE DE PERSONA
Nombre de persona Clancy, Tom,
Fechas asociadas al nombre 1947-
9 (RLIN) 10904
240 10 - TÍTULO UNIFORME
Título uniforme The sum of all fears.
Lenguaje de la obra Español.
245 10 - MENCIÓN DE TÍTULO
Título Pánico nuclear /
Mención de responsabilidad, etc. Tom Clancy ; traducción Edith Zilli.
260 ## - PUBLICACIÓN, DISTRIBUCIÓN, ETC.
Lugar de publicación, distribución, etc. Barcelona, (España) :
Nombre del editor, distribuidor, etc. Plaza Janés Editores,
Fecha de publicación, distribución, etc. 2000.
300 ## - DESCRIPCIÓN FÍSICA
Extensión 982, [4] p. ;
Dimensiones 19 cm.
490 1# - MENCIÓN DE SERIE
Mención de serie Jet
Designación de volumen o secuencia 150/6
490 1# - MENCIÓN DE SERIE
Mención de serie Intriga
490 1# - MENCIÓN DE SERIE
Mención de serie Biblioteca Tom Clancy
534 ## - NOTA SOBRE LA VERSIÓN ORIGINAL
Encabezamiento principal del original Título original en inglés:
Mención de título del original The sum of all fears
650 #4 - PUNTO DE ACCESO ADICIONAL DE MATERIA--TÉRMINO DE MATERIA
Término de materia o nombre geográfico como elemento de entrada Novela estadounidense
9 (RLIN) 262
650 #4 - PUNTO DE ACCESO ADICIONAL DE MATERIA--TÉRMINO DE MATERIA
Término de materia o nombre geográfico como elemento de entrada Literatura estadounidense
9 (RLIN) 263
700 1# - PUNTO DE ACCESO ADICIONAL--NOMBRE DE PERSONA
Nombre de persona Zilli, Edith
Término indicativo de función/relación tr.
9 (RLIN) 3228
830 #0 - PUNTO DE ACCESO ADICIONAL DE SERIE-TÍTULO UNIFORME
Título uniforme Jet ;
Nombre de parte o sección de la obra Intriga
-- Biblioteca Tom Clancy
Designación de volumen o secuencia 150/3
9 (RLIN) 47226
Holdings
Estado de retiro Estado de pérdida Restricciones de uso No para préstamo Código de colección Localización permanente Ubicación/localización actual Ubicación en estantería Fecha de adquisición Número de inventario Total de préstamos Signatura topográfica completa Código de barras Fecha visto por última vez Precio válido a partir de Tipo de ítem Koha
        Monografías: Libros y Folletos General General En catalogación 24.11.2010 LF1   813.5 C587p 22966-10 25.06.2020 25.06.2020 Préstamo en sala

Powered by Koha